RISC. Reduced instruction set computer : Konzepte und Realisierungen /

Saved in:
Bibliographic Details
Main Author: Horster, Patrick (Author)
Format: Book
Language:German
Published: Heidelberg : Dr. Alfred Hüthig Verlag, 1987
Edition:1.vyd.
Tags: Add Tag
No Tags, Be the first to tag this record!

MARC

LEADER 00000nam a22000003a 4500
001 stu5930
005 20201020161512.0
008 960221s1987----gw------------------ger-d
040 |a STU  |b slo 
041 0 |a ger 
044 |a gw 
080 |a 681.32.06 
080 |a 519.684 
100 1 |a Horster, Patrick  |4 aut 
245 1 |a RISC. Reduced instruction set computer :  |b Konzepte und Realisierungen /  |c [aut.] Horster,P 
250 |a 1.vyd. 
260 |a Heidelberg :  |b Dr. Alfred Hüthig Verlag,  |c 1987 
300 |a 150 s 
996 |c I*7PS3822  |l I  |s A  |a 24  |w stu5930_0001